Fishes of the north-eastern Atlantic and the Mediterranean / (Record no. 136975)

MARC details
000 -LEADER
fixed length control field 00680nam a22002177a 4500
010 ## - LIBRARY OF CONGRESS CONTROL NUMBER
LC control number A-462545
020 ## - INTERNATIONAL STANDARD BOOK NUMBER
International Standard Book Number 9230023094
035 ## - SYSTEM CONTROL NUMBER
System control number A-462545
037 ## - SOURCE OF ACQUISITION
Source of stock number/acquisition Cen Lib / Ret
040 ## - CATALOGING SOURCE
Original cataloging agency DPL
Language of cataloging EN
082 ## - DEWEY DECIMAL CLASSIFICATION NUMBER
Classification number 597
Item number WHI
245 ## - TITLE STATEMENT
Title Fishes of the north-eastern Atlantic and the Mediterranean /
Statement of responsibility, etc edited by J. P. Whitehead... [et al]
260 ## - PUBLICATION, DISTRIBUTION, ETC. (IMPRINT)
Place of publication, distribution, etc Paris
Name of publisher, distributor, etc Unesco
Date of publication, distribution, etc 1986
270 ## - ADDRESS
Address 7 Place de fontenoy
City Paris
300 ## - PHYSICAL DESCRIPTION
Extent (v 3. 1015-1473)
Other physical details 27cm(Hb)
650 ## - SUBJECT ADDED ENTRY--TOPICAL TERM
Topical term or geographic name as entry element Marine fishes -- Mediterranean Sea.
650 ## - SUBJECT ADDED ENTRY--TOPICAL TERM
Topical term or geographic name as entry element Marine fishes -- North Atlantic Ocean.
650 ## - SUBJECT ADDED ENTRY--TOPICAL TERM
Topical term or geographic name as entry element Marine fishes.
700 ## - ADDED ENTRY--PERSONAL NAME
Personal name Whitehead, P. J. P.
942 ## - ADDED ENTRY ELEMENTS (KOHA)
Source of classification or shelving scheme Dewey Decimal Classification
Koha item type English Books
Classification part 597
Call number suffix WHI
Holdings
Withdrawn status Lost status Materials specified (bound volume or other part) Damaged status Not for loan Home library Current library Date acquired Source of acquisition Total Checkouts Full call number Barcode Date last seen Copy number Price effective from Koha item type
    v 3     Central Library Central Library 12/03/2016 Cen Lib/Ret   597 WHI A-462545 12/03/2016 1 12/03/2016 English Books

© Delhi Public Library
Hit Counter
free hit counter